000 01715cam a2200349 i 4500
001 17938588
003 ARRUPE
005 20150313173338.0
008 131112s2014 mdu b 001 0 eng
010 _a 2013028976
020 _a9781421413266 (hardcover : alk. paper)
020 _z9781421413273 (electronic)
020 _a1421413264 (hardcover : alk. paper)
020 _z1421413272 (electronic)
040 _aDLC
_beng
_cDLC
_erda
_dDLC
042 _apcc
050 0 0 _aBT712
_b.L585 1987
082 0 0 _a231.7/652088285
_223
100 1 _aLivingstone, David N.,
_d1953-
_915007
245 1 0 _aDealing with Darwin :
_bplace, politics, and rhetoric in religious engagements with evolution /
_cDavid N. Livingstone.
260 _aMaryland
_bJohn Hopkins University Press
_c2014
300 _ax, 265 pages ;
_c24 cm.
490 0 _aMedicine, science, and religion in historical context
500 _a"The Gifford Lectures, 2014"--Title page.
504 _aIncludes bibliographical references and index.
505 0 _aDealing with Darwin: locating encounters with evolution -- Edinburgh, evolution, and cannibalistic nostalgia -- Belfast, the Parliament of Science, and the winter of discontent -- Toronto, Knox, and Bacon's bequest -- Columbia, Woodrow, and the legacy of the lost cause -- Princeton, Darwinism, and the short horn cattle -- Darwinian engagements: place, politics, rhetoric.
600 1 0 _aDarwin, Charles,
_d1809-1882.
_96790
650 0 _aEvolution
_xReligious aspects
_xChristianity.
_94507
906 _a7
_bcbc
_corignew
_d1
_eecip
_f20
_gy-gencatlg
942 _2lcc
_cMONOGRAPH
999 _c122011
_d122011